Tunnettuja Petteri nimisiä henkilöitä - Statistics

Yleistilastot
  • Tätä visaa on pelattu 73 kertaa
  • Keskiarvotulos 3 / 9
Vastaustilastot
Vihje Vastaus % Oikein
Pääministeri Petteri Orpo
97%
Näyttelijä Petteri Summanen
56%
Jääkiekkoilija Petteri Nummelin
42%
Ternimaitoyrittäjä Petteri Jussila
24%
Uutisankkuri Petteri Ahomaa
19%
Jääkiekkoilija Petteri Lindbohm
13%
Keihäänheittovalmentaja Petteri Piironen
11%
Meteorologi, WMO pääsihteeri Petteri Taalas
5%
Näyttelijä Petteri Paavola
2%
Ehtoja vastaavia visoja ei löytynyt
Tulosjakauma
Jokaisen tuloksen saaneiden osuus
Persentiili vastausten määrän mukaan
Tuloshistoriasi
Et ole pelannut tätä visaa